| 000 | 00518nam a2200157Ia 4500 | ||
|---|---|---|---|
| 008 | 160319s9999 xx 000 0 und d | ||
| 050 | _aFil 328 | ||
| 050 | _bR425 | ||
| 245 | _aRepublic Act 9165 and its implementing rules and regulations : | ||
| 245 | _bThe Comprehensive Dangerous Drugs Act of 2002. | ||
| 300 | _a158 pages : | ||
| 300 | _c22 cm. | ||
| 650 | _a Drug addiction--Philippines | ||
| 650 | _aComprehensive Dangerous Drugs Act of 2002 | ||
| 650 | _aDrugs -- Law and legislation -- Philippines. | ||
| 999 |
_c292116 _d292116 |
||